-
Mainiero, Lisa A and Tromley, Cheryl
Entry Personal Name
Number of records used in: 1
001 - CONTROL NUMBER
003 - CONTROL NUMBER IDENTIFIER
005 - DATE AND TIME OF LATEST TRANSACTION
- control field:
20180720150411.0
008 - FIXED-LENGTH DATA ELEMENTS
- fixed length control field:
180720|| aca||aabn | a|a d
040 ## - CATALOGING SOURCE
- Original cataloging agency:
OSt
- Transcribing agency:
OSt
100 ## - HEADING--PERSONAL NAME
- Personal name:
Mainiero, Lisa A and Tromley, Cheryl
670 ## - SOURCE DATA FOUND
- Source citation:
Work cat.: (OSt)839: Mainiero, Lisa A and Tromley, Cheryl , Developing Managerial Skills in Organizational Behavior, 2004